| 000 | 00320cam a22001097a 4500 | ||
|---|---|---|---|
| 008 | 180718b xxu||||| |||| 00| 0 eng d | ||
| 082 | _aZ41x5694 G699 | ||
| 100 | _aGoswami, Radharaman | ||
| 245 |
_aStudies in co-operative farming in Israel _cby Radharaman Goswami |
||
| 260 |
_aCalcutta _bGovernment Press _c |
||
| 300 | _a161+p. | ||
| 999 |
_c427488 _d427488 |
||